Did They Die Before They Were Born? Quiz Stats

Quiz Updated Jan 5, 2013

Also try: Died Before 30
Challenge
Share
Tweet
Embed
Score 0/20 Timer 04:00
0 Plays Today
Did this person die before (y or n) % Correct
Albert Einstein???
64.6%
Babe Ruth???
64.5%
Walt Disney???
64.2%
JFK???
63.3%
Michelangelo???
62.3%
Alfred Hitchcock???
62.2%
Kurt Cobain???
62.2%
John Lennon???
62.1%
Ernest Hemingway???
60%
Marilyn Monroe???
59.1%
Did this person die before (y or n) % Correct
Gandhi???
58.4%
Mozart???
55.5%
Thomas Edison???
54.5%
Charles Dickens???
53.9%
John Logie Baird???
52%
Vincent Van Gogh???
49.3%
Mother Teresa???
48.1%
Martin Luther King, Jr.???
47.3%
Jesse Owens???
42.5%
Elvis Presley???
41.8%

You're not logged in!

Compare scores with friends on all Sporcle quizzes.
Join for Free
OR
Log In

You Might Also Like...

Show Comments

Extras

Top Quizzes Today


Score Distribution

Your Account Isn't Verified!

In order to create a playlist on Sporcle, you need to verify the email address you used during registration. Go to your Sporcle Settings to finish the process.

Report this User

Report this user for behavior that violates our Community Guidelines.

Details: